000 00449nam a2200181Ia 4500
001 3734
005 20260306145705.0
008 260306t2011||||xx |||||||||||||| ||spa||
041 _aESP
082 _a302.222
_bS29
100 _aSchinca, Marta
_eAUT
245 0 _aExpresión corporal:
_btécnica y expresión del movimiento
260 _c2011
300 _a130 páginas :
_c24 cm.
650 _aGEN
654 _aCED
942 _cLIB
_dJUS
_fJUS
_2ddc
_n
999 _c3734
_d3734